000 00332nam a22001457a 4500
008 210226b ||||| |||| 00| 0 eng d
020 _a45300000941433
041 _aeng
080 _a82
082 _a82
100 _a21
101 _aGJL
245 _aPractical Argument a Text and Anthology
_cKriszner, L. G
942 _2udc
_cBK
999 _c55295
_d55295